effect of different rates of insecticide on diamond back moth on chinese kale at royal university of agriculture ,ឥទិ្ធពលកម្រិតខុសគ្នានៃថ្នាំសំលាប់សត្វល្អិតទៅលើការកំចាត់ដង្កូវយោលទោងលើដំណាំខាត់ណាដើមនៅសាកលវិទ្យាល័យភូមិន្ទកសិកម្ម (Record no. 12284)

000 -LEADER
fixed length control field 00765nam a22001337a 4500
040 ## - CATALOGING SOURCE
Transcribing agency RUA
082 ## - DEWEY DECIMAL CLASSIFICATION NUMBER
Classification number AGR KEP 2015 B547 Or.1
100 ## - MAIN ENTRY--AUTHOR NAME
Personal name KEP CHANTRA,កែប ចន្រ្តា
245 ## - TITLE STATEMENT
Title effect of different rates of insecticide on diamond back moth on chinese kale at royal university of agriculture ,ឥទិ្ធពលកម្រិតខុសគ្នានៃថ្នាំសំលាប់សត្វល្អិតទៅលើការកំចាត់ដង្កូវយោលទោងលើដំណាំខាត់ណាដើមនៅសាកលវិទ្យាល័យភូមិន្ទកសិកម្ម
260 ## - PUBLICATION, DISTRIBUTION, ETC. (IMPRINT)
Place of publication phnom penh
Name of publisher RUA
Year of publication 2015
300 ## - PHYSICAL DESCRIPTION
Number of Pages xi;42p;
Other physical details ill;
Dimensions 29cm;
856 ## - ELECTRONIC LOCATION AND ACCESS
Uniform Resource Identifier KEP CHANTRA
942 ## - ADDED ENTRY ELEMENTS (KOHA)
Koha item type AGR
952 ## - LOCATION AND ITEM INFORMATION (KOHA)
Withdrawn status [LOCAL, KOHA] 0
952 ## - LOCATION AND ITEM INFORMATION (KOHA)
Withdrawn status [LOCAL, KOHA] 0
952 ## - LOCATION AND ITEM INFORMATION (KOHA)
Withdrawn status [LOCAL, KOHA] 0
952 ## - LOCATION AND ITEM INFORMATION (KOHA)
Withdrawn status [LOCAL, KOHA] 0
952 ## - LOCATION AND ITEM INFORMATION (KOHA)
Withdrawn status [LOCAL, KOHA] 0
952 ## - LOCATION AND ITEM INFORMATION (KOHA)
Withdrawn status [LOCAL, KOHA] 0
952 ## - LOCATION AND ITEM INFORMATION (KOHA)
Withdrawn status [LOCAL, KOHA] 0
952 ## - LOCATION AND ITEM INFORMATION (KOHA)
Withdrawn status [LOCAL, KOHA] 0
Holdings
Permanent Location Date acquired Koha item type Lost status Shelving location Barcode Current Location Full call number
Library Block B2017-08-11AGR B547A08588Library Block BAGR KEP 2015 B547 Or.1
Library Block B2017-08-11AGR B547A09243Library Block BAGR KEP 2015 B547 Or.2
Library Block B2017-08-11AGR B547A08162Library Block BAGR KEP 2015 B547 Or.3
Library Block B2017-08-11AGR B547A08686Library Block BAGR KEP 2015 B547 Or.4
Library Block B2017-08-11AGR B547A08591Library Block BAGR KEP 2015 B547 Or.5
Library Block B2017-08-11AGR B547A08034Library Block BAGR KEP 2015 B547 Or.6
Library Block B2017-08-11AGR B547A08927Library Block BAGR KEP 2015 B547 Or.7
Library Block B2017-08-11AGR B547A12980Library Block BAGR KEP 2015 B547 Or.8
មជ្ឈមណ្ឌលឯការនៃសាកលវិទ្យាល័យភូមិន្ទកសិកម្មចំការដូង

Powered by Koha